تكنولوجيا الاتصالات المعاصرة: (Record no. 14097)
[ view plain ]
| 000 -الفاتح | |
|---|---|
| حقل البيانات ثابتة الطول | 01289nam a22002297a 4500 |
| 008 - عناصر البيانات ثابتة الطول - معلومات عامة | |
| حقل البيانات ثابتة الطول | 100616s ua|||||r|||| 000 0 ara d |
| 082 ## - رقم تصنيف ديوى العشرى | |
| رقم الطبعة | 22 |
| رقم التصنيف | 658.45 |
| رقم المادة | ب ط ل |
| 100 ## - المدخل الرئيسى - إسم شخصى | |
| 9 (RLIN) | 14761 |
| الإسم الشخصى | البطل، منى محمد إبراهيم |
| 245 ## - بيان العنوان | |
| العنوان | تكنولوجيا الاتصالات المعاصرة: |
| بقية العنوان | الشخصية والإدارية ونظم المعلومات / |
| بيان المسئوليه,etc | منى محمد إبراهيم البطل |
| 246 ## - العنوان الموازى | |
| عنوان صحيح/عنوان مختصر | Contemporary Communication Technology: |
| بقية العنوان | Personalization, Managerial & Information Systems |
| 260 ## - PUBLICATION, DISTRIBUTION, ETC. (IMPRINT) | |
| مكان الناشر او الموزع | : [د.م] |
| اسم الناشر او الموزع | [د.ن] ، |
| تاريخ النشر أو التوزيع | [199-] |
| 300 ## - الوصف المادى | |
| التعداد | 236 :ص |
| تفاصيل ماديه اخرى للوعاء | ايض ؛ |
| أبعاد الوعاء | 24 سم |
| 500 ## - تبصرة عامة | |
| تبصرة عامة | إهداء: د. سماء عطيه |
| 504 ## - تبصرة ببليوجرافية | |
| تبصرة ببليوجرافية,الخ | ببليوجرافية: ص 233-235 |
| 650 ## - المدخل الاضافى بالموضوع-مصطلح موضوعى | |
| 9 (RLIN) | 14807 |
| مصطلح موضوعي أو اسم جغرافي كعنصر مدخل | الاتصالات الإدارية |
| 650 ## - المدخل الاضافى بالموضوع-مصطلح موضوعى | |
| 9 (RLIN) | 14808 |
| مصطلح موضوعي أو اسم جغرافي كعنصر مدخل | الاتصالات |
| 650 ## - المدخل الاضافى بالموضوع-مصطلح موضوعى | |
| 9 (RLIN) | 14809 |
| مصطلح موضوعي أو اسم جغرافي كعنصر مدخل | الاتصالات عبر الأقمار الصناعية |
| 650 ## - المدخل الاضافى بالموضوع-مصطلح موضوعى | |
| 9 (RLIN) | 8332 |
| مصطلح موضوعي أو اسم جغرافي كعنصر مدخل | المعلومات |
| 942 ## - عناصر المدخل الإضافي( كوها) | |
| مصدر التصنيف او مخطط الترفيف | Dewey Decimal Classification |
| Koha [default] item type | Book - Borrowing |
| حالة التراجع | حالة الفقد | مصدر التصنيف او خطة الترفيف | حالة تلف | ليس للاعارة | مجموعات كوها | المكان الدائم | المكان الحالي | موقع الترفيف | تاريخ الاكتساب | Source of acquisition | رقم الاستدعاء | الباركود | Date last seen | نوع الوعاء |
|---|---|---|---|---|---|---|---|---|---|---|---|---|---|---|
| Dewey Decimal Classification | Central Library | Central Library | First floor | 16/06/2010 | Donation | 658.45 الب | 000020387 | 15/07/2025 | Book - Borrowing | |||||
| Dewey Decimal Classification | Central Library | Central Library | First floor | 16/06/2010 | 658.45 الب | 000020389 | 15/07/2025 | Book - Borrowing |